It looks like you're offline.
Open Library logo
additional options menu

MARC record from Internet Archive

LEADER: 04153cam 2200733Mi 4500
001 on1016858307
003 OCoLC
005 20221118180858.0
008 150813s2010 quc ob 000 0 eng d
006 m o d
007 cr c||||||||||
040 $aCAFOR$beng$erda$cCAFOR$dOCLCO$dOCLCQ$dITIDI$dOCLCQ$dOCLCF$dCAFOR$dOCLCO
019 $a1027635191
020 $a9780986564703
020 $a0986564702
035 $a(OCoLC)1016858307$z(OCoLC)1027635191
050 4 $aDB1.1
055 4 $aHQ 784 W3$bC4856 2010
245 00 $aChildren and armed conflict :$ba guide to international humanitarian and human rights law.
246 30 $aGuide to international humanitarian and human rights law
250 $aNew edition.
264 1 $aMontréal, Québec :$bInternational Bureau for Children's Rights,$c[2010]
264 4 $c©2010
300 $a1 online resource
336 $atext$btxt$2rdacontent
337 $acomputer$bc$2rdamedia
338 $aonline resource$bcr$2rdacarrier
500 $aCover title.
500 $aIssued also in French under the title: Les enfants et les conflits armés : un guide en matière de droit international humanitaire et de droit international des droits de la personne.
504 $aIncludes bibliographical references (pages 407-455).
520 $a"The International Bureau for Children's Rights produced this Guide for the benefit of the communities of practice working on children and armed conflict."--Back cover.
546 $aIn English.
505 0 $aAcknowledgements -- Preface -- Introduction -- Section 1. Overview of International Law and Developments. The changing nature of armed conflict -- War-affected children -- an overview -- The main stakeholders : who is accountable? -- Legal developments and current international law -- Developments to protect war-affected children -- Section 2. Issue Focus. Children associated with armed forces or armed groups -- Refugees and internally displaced children -- Sexual violence against children -- Child labour -- Children, landmines and cluster bombs -- Children, small arms and light weapons -- Child victims, witnesses and perpetrators of crimes -- The changing role of children in peace processes -- Conclusion -- Annexes. 1. Sets of definitions with explanations -- 2. Tables of ratification -- 3. Analysing the annexes of the United Nations Secretary-General's reports over the years -- 4. List of provisions in international law and standards relevant to children in armed conflict.
650 0 $aChildren and war.
650 0 $aChildren and war$xInternational cooperation.
650 0 $aChildren's rights.
650 0 $aChildren's rights$xInternational cooperation.
650 0 $aChildren$xLegal status, laws, etc.
650 0 $aChildren (International law)
650 0 $aChildren and peace.
650 0 $aHumanitarian law.
650 0 $aHuman rights.
650 6 $aEnfants et guerre.
650 6 $aEnfants et guerre$xCoopération internationale.
650 6 $aEnfants$xDroits.
650 6 $aEnfants$xDroits$xCoopération internationale.
650 6 $aEnfants (Droit international)
650 6 $aEnfants et paix.
650 6 $aDroit international humanitaire.
650 6 $aDroits de l'homme (Droit international)
650 7 $aChildren and peace.$2fast$0(OCoLC)fst00855228
650 7 $aChildren and war.$2fast$0(OCoLC)fst00855242
650 7 $aChildren (International law)$2fast$0(OCoLC)fst00855205
650 7 $aChildren$xLegal status, laws, etc.$2fast$0(OCoLC)fst00855046
650 7 $aChildren's rights.$2fast$0(OCoLC)fst00856519
650 7 $aChildren's rights$xInternational cooperation.$2fast$0(OCoLC)fst00856521
650 7 $aHuman rights.$2fast$0(OCoLC)fst00963285
650 7 $aHumanitarian law.$2fast$0(OCoLC)fst00963577
710 2 $aInternational Bureau for Children's Rights,$eauthor.
856 40 $uhttp://www.ibcr.org/images/contenu/publications/IBCR-int-low-en.pdf$zFull text
856 40 $uhttp://www.ibcr.org/editor/assets/thematic_report/5/Conflict_Eng.pdf
029 1 $aNLC$b000044033641
994 $aZ0$bGTX
948 $hNO HOLDINGS IN GTX - 2 OTHER HOLDINGS